Cardinal Pole or the days of Phillip and Mary (Record no. 20678)

MARC details
000 -LEADER
campo de control de longitud fija 00614nam a2200181 i 4500
001 - NÚMERO DE CONTROL
campo de control 20678
003 - IDENTIFICADOR DE NÚMERO DE CONTROL
campo de control ES-MaACL
007 - CAMPO FIJO DE DESCRIPCIÓN FÍSICA--INFORMACIÓN GENERAL
campo de control de longitud fija t|
008 - DATOS DE LONGITUD FIJA--INFORMACIÓN GENERAL
campo de control de longitud fija 021115s1863 ddr ||||1| eng d
100 1# - ENTRADA PRINCIPAL--NOMBRE DE PERSONA
Nombre de persona Ainsworth, William Harrison.
9 (RLIN) 18986
245 10 - MENCIÓN DEL TÍTULO
Título Cardinal Pole or the days of Phillip and Mary
Resto del título : an historical romance /
Mención de responsabilidad, etc. by William Harrison Ainsworth.
260 ## - PUBLICACIÓN, DISTRIBUCIÓN, ETC.
Lugar de publicación, distribución, etc. Leipzig :
Nombre del editor, distribuidor, etc. Beruhard Tauchnit,
Fecha de publicación, distribución, etc. 1863.
300 ## - DESCRIPCIÓN FÍSICA
Extensión 2 t. en 1 v. ;
Dimensiones 15 cm.
490 1# - MENCIÓN DE SERIE
Mención de serie Collection of British authors ;
Designación de volumen o secuencia 665-66
830 0# - PUNTO DE ACCESO ADICIONAL DE SERIE-TÍTULO UNIFORME
Título uniforme Collection of British authors ;
Designación de volumen o secuencia 665-66
9 (RLIN) 180703
852 ## - LOCALIZACIÓN
Ubicación ES-MaACL
Número de control de estantería G-12189
Holdings
Estatus retirado Estado de pérdida Estado de daño No para préstamo Colección Biblioteca de origen Biblioteca actual Ubicación en estantería Fecha de adquisición Fuente de adquisición Total de préstamos Signatura topográfica completa Código de barras Visto por última vez Precio de reemplazo Tipo de ítem Koha
        Libros del s. XIX Biblioteca del Ateneo de Madrid Biblioteca del Ateneo de Madrid Sala Pecera Planta 3 17/01/2008     G-12189 1021230 23/02/2023 23/02/2023 Libro impreso antiguo